00887nam a22002537a 45000010005000000030006000050050017000110080041000280200015000690400029000840500013001130820010001261000020001362450046001562600050002023000049002525050009003015200175003105210029004855210020005146500037005347000032005717000030006037675FISKH20250730160929.0250730b cb ||||| |||| 00| 0 eng d a0817214054 aFISKHbengcFISKHdFISKH aTL147.C5 a629.2 aClark, James I. aCars :bA look inside / cBy James Clark  aLondon :bRaintree Publishers , Inc , c1981. a48 pages : bcolor illustrations ;c23 cm .  aQ  aAn overview of the braking and electrical systems, engine, and transmission of cars and an examination of unusual models and possible alternative energy sources for cars.8 a660 bLexile estimate 8 aQ bRaz-Plus  aAutomobilevJuvenile Literature  aBailey , JohneIllustrator  aDyess, JohneIllustrator